Condominiums Purchase,Investment & Habitat

Bibliographic Details
Main Author: Tunku Halim Abdullah
Format: Book

MARC

LEADER 00000cam a2200000 7i4500
001 0000009750
002 000010616
005 20000330.0
020 |a 9679785629 
090 0 0 |a 643.2   |b HAL 
100 0 |a Tunku Halim Abdullah 
245 1 0 |a Condominiums Purchase,Investment & Habitat 
999 |a 054400   |b BUKU   |c PINJAMAN   |e PERPUSTAKAAN KOMUNITI CAW KOTA DAMANSARA